000 00756nam a2200205 a 4500
001 000005211
005 20200929151617.0
008 090818s1985 sp bd 000 0 spa d
020 _a8400060474
040 _aDO-SdBNP
082 _axxxx
_bT628
100 1 _aTobar Jimenez, Antonio
_914888
245 1 0 _aAproximación a la ecología de los fitonematodes del piso montano de Granada. /
_cAntonio Tobar Jimenez, Tomas Salmeron Parra.
260 _aGranada, España :
_bCSIC : Instituto López Neyra de Parasitología,
_c1985.
300 _a126 p. :
_bmap., diagraf. ;
_c25 cm.
504 _aIncluye bibliografías (p.115-126)
700 1 _aSalmeron Parra, Tomas
_914889
710 1 _aConsejo Superior de Investigaciones Científicas
_94786
049 _aBNPD
999 _c5013
_d5013